000 00496nam a2200169 i 4500
001 76942
003 ES-MaACL
005 20230906173028.0
007 t|
008 041006s1972 sp |||| | baq d
245 0 0 _aGure ikastola /
_cJ.A. Aduriz... [et al.].
260 _a[Oñate (Guipúzcoa)] :
_bEditorial Franciscana Aranzazu,
_c[1972]
300 _a288 p. ;
_c19 cm.
650 4 _aCentros docentes-
_zPaís Vasco.
_9165072
700 1 _aAduriz, José A.
_918496
852 _aES-MaACL
_jE-5018
999 _c76942
_d76942